Vista normal Vista MARC
  • Cabezas Pizarro, Hannia

Entrada Personal Name

Número de registros utilizados en: 1

001 - CONTROL NUMBER

  • control field: 7922

003 - CONTROL NUMBER IDENTIFIER

  • control field: OSt

005 - DATE AND TIME OF LATEST TRANSACTION

  • control field: 20160414154002.0

008 - FIXED-LENGTH DATA ELEMENTS

  • fixed length control field: 160414|| aca||aabn | a|a d

040 ## - CATALOGING SOURCE

  • Original cataloging agency: OSt
  • Transcribing agency: OSt

100 ## - HEADING--PERSONAL NAME

  • Personal name: Cabezas Pizarro, Hannia

670 ## - SOURCE DATA FOUND

  • Source citation: Work cat.: (OSt): Cabezas Pizarro, Hannia, Autismo : manejo de conductas, 2014